000 00319nam a2200097Ia 4500
082 _a338.040|HEWI
245 0 _aEntrepreneurship, training, education and job creation
100 _a Hewitt, L. L. M. [Stellenbosch, South Africa?], 2011 1st ed
_947372
942 _cBK
008 210817s9999 xx 000 0 und d
999 _c154898
_d154896